Jména států a jejich územních částí

Gespeichert in:
Bibliographische Detailangaben
Format: Buch
Sprache:Tschechisch
Veröffentlicht: Praha Český úřad geodetický a kartografický 1988
Ausgabe:2. aktual. vyd.
Tags: Tag hinzufügen
Keine Tags, Fügen Sie das erste Tag hinzu!

MARC

LEADER 00000nam a2200000 4500
001 c033586
005 20221219085234.3
041 0 |a cze 
044 |a CZ 
245 1 0 |a Jména států a jejich územních částí 
250 |a 2. aktual. vyd. 
264 1 |a Praha  |b Český úřad geodetický a kartografický  |c 1988 
300 |a 204 s.  |e 7 mp. príl.